Memoria del saqueo
Fernando E. Solanas presenta Memoria del saqueo, una película que vuelve la vista atrás hasta los primeros años de la dictadura de Argentina, para comprender los hechos que llevaron a este país tan próspero a terminar sumergido en una de las peores crisis económicas. Es una reflexión sobre los motiv...
Guardado en:
| Autor Principal: | |
|---|---|
| Autor Corporativo: | |
| Formato: | |
| Idioma: | Undetermined |
| Publicado: |
Argentina,
2004.
|
| Materias: | |
| Etiquetas: |
Agregar Etiqueta
Sin Etiquetas, Sea el primero en etiquetar este registro!
|
| LEADER | 01084ngm a22001935a 4500 | ||
|---|---|---|---|
| 001 | CEM.cems020599 | ||
| 008 | 231102s2004####xx#---############vlund#d | ||
| 005 | 20231102201738.0 | ||
| 245 | 1 | 0 | |a Memoria del saqueo |h [videograbación] / |c Fernando Solanas. |
| 260 | |a Argentina, |c 2004. | ||
| 300 | |a 114'. | ||
| 520 | |a Fernando E. Solanas presenta Memoria del saqueo, una película que vuelve la vista atrás hasta los primeros años de la dictadura de Argentina, para comprender los hechos que llevaron a este país tan próspero a terminar sumergido en una de las peores crisis económicas. Es una reflexión sobre los motivos del declive del país y de las consecuencias catastróficas de la mano de hambrunas y enfermedades que han asolado a la población. | ||
| 538 | |a Soporte: DVD -- Formato: AVI Peso: 736mb -- Resolución: 512 x 272 -- 23.98 fps | ||
| 590 | |a Identificación anterior: 258 | ||
| 100 | 1 | |a Solanas, Fernando. | |
| 710 | 2 | |a Cinesur S.A. | |
| 653 | |a LARGOMETRAJE | ||
| 653 | |a DOCUMENTAL | ||
| 859 | |a CEMS |b BIB. CEMS - Depto. Recursos Didacticos |h 778.5 |i SOL-3 |k DRD |p 3202.23 |t Ej.1 | ||
